| 000 | 00766nac a22002537a 4500 | ||
|---|---|---|---|
| 001 | BR9901731 | ||
| 003 | BR-BrBNA | ||
| 005 | 20240105122205.0 | ||
| 008 | 230509b bl.|||m| |||| 00| 0 por d | ||
| 040 |
_aBR-BrBNA _bpor _cBiblioteca Nacional de Agricultura |
||
| 072 | _aN20 | ||
| 090 | _aN20 BR9901731 | ||
| 100 | 1 | _aLancas, K.P. | |
| 100 | 1 | _aUpadhyaya, S.K. | |
| 110 | 1 |
_aUniversidade Estadual Paulista, Botucatu, SP (Brasil) _910710 |
|
| 245 | 1 | _aPneus radiais para tratores | |
| 260 | 3 |
_aBotucatu, SP (Brasil): _c1997. |
|
| 300 | _a33 p. | ||
| 490 |
_aEnergia na Agricultura. Boletim Tecnico (Brazil) _vno. 1 _x |
||
| 500 | _a23 illus. | ||
| 650 | _aEquipamento Agricola | ||
| 909 |
_a202312 _bLúcia Elande _c55 _dLúcia Elande |
||
| 942 |
_2AGRIS _n0 _cMS |
||
| 999 |
_c289714 _d289714 |
||